Les drogues (notice n° 2197380)

détails MARC
000 -LEADER
fixed length control field 01429cam a2200133 4500500
005 - DATE AND TIME OF LATEST TRANSACTION
control field 20260405085419.0
041 ## - LANGUAGE CODE
Language code of text/sound track or separate title fre
042 ## - AUTHENTICATION CODE
Authentication code dc
100 10 - MAIN ENTRY--PERSONAL NAME
Personal name Richard, Denis
Relator term author
245 00 - TITLE STATEMENT
Title Les drogues
260 ## - PUBLICATION, DISTRIBUTION, ETC.
Name of publisher, distributor, etc. Armand Colin,<br/>
Date of publication, distribution, etc. 2005.<br/>
520 ## - SUMMARY, ETC.
Summary, etc. Les positions de principe concernant l'usage et l'abus des psychotropes conduisent trop souvent à faire l'économie de la nécessaire connaissance des produits très divers qui composent l'univers mouvant des "drogues". Or la nature, les effets, la dangerosité et le contexte d'emploi de ces produits ne sont pas les mêmes et determinent largement l'approche, notamment thérapeutique, qui doit en être faite. Peut-on encore différencier drogues 'dures" et "douces"? Les drogues de synthèse ont-elles pris le pas sur les "naturelles"? Quel sont l'origine, les propriétés et les effets du canabis, des hallucinogènes, des opiacés ou encore de l'estasy? Les médicaments sont-ils des drogues, les drogues peuvent-elles être des médicaments? Comment un usage occasionnel ou socialement intégré devient-il une véritable dépendance? Ce petit ouvrage, à travers une double approche pharmaceutique et sociologique, fournit les informations essentielles à ceux qui sont confrontés à titre personnel ou d'intervenant à une problématique de toxicomanie.
856 41 - ELECTRONIC LOCATION AND ACCESS
Uniform Resource Identifier <a href="https://stm.cairn.info/les-drogues--9782200340278?lang=fr&redirect-ssocas=7080">https://stm.cairn.info/les-drogues--9782200340278?lang=fr&redirect-ssocas=7080</a>

Pas d'exemplaire disponible.

PLUDOC

PLUDOC est la plateforme unique et centralisée de gestion des bibliothèques physiques et numériques de Guinée administré par le CEDUST. Elle est la plus grande base de données de ressources documentaires pour les Étudiants, Enseignants chercheurs et Chercheurs de Guinée.

Adresse

627 919 101/664 919 101

25 boulevard du commerce
Kaloum, Conakry, Guinée

Réseaux sociaux

Powered by Netsen Group @ 2025